000 00955cam a22002531 4500
001 gs 07000648
003 DLC
005 20260227111306.0
008 800603s1894 gw ab b 000 0 ger c
010 _ags 07000648
035 _a(OCoLC)6383228
040 _aLibrary, U.S. Geological Survey
_cTxCM
_dDLC
042 _apremarc
050 0 0 _aQE269
_b.G93
100 1 _aGümbel, Karl Wilhelm,
_critter von,
_d1823-1898.
245 1 0 _aGeologie von Bayern in zwei theilen,
_cvon dr. K. Wilhelm von Gümbel ...
260 _aCassel,
_bT. Fischer,
_c1894.
300 _a2 v.
_billus., fold. map, diagrs.
_c25 cm.
500 _aVol. 1 has special t.-p: Geologie von Bayern. Erster theil: Grundzüge der geologie ... Kassel, 1888.
500 _aVol. 2 issued in 14 parts.
504 _aLiteraturnachweise: v. 1, p. [1064]-1087.
504 _aI. bd. Allgemeine geologie.--II. bd. Geologische beschreibung von bayern.
650 0 _aGeology
_zGermany
_zBavaria.
999 _c24603
_d24603